1946 1189 1373 1620 1231 1565 1749 1074 1628 1012 1458 1837 1610 1773 1264 1329 1990 1149 1283 1044 1578 1219 1082 1820 1572 1673 1453 1005 1847 1233 1112 1320 1080 1465 1238 1878 1118 1143 1391 1913 1795 1993 1095 1311 1776 1053 1106 1991 1843 1551 1966 1898 1526 1285 1004 1881 1783 1047 1871 1821 1903 1534 1247 1196 1982 1171 1175 1030 1110 1619 1514 1914 1372 1175 1319 1889 1871 1230 1949 1209 1172 1877 1450 1048 1223 1674 1166 1035 1548 1781 1207 1088 1093 1197 1745 1972 1787 1265 1756 BCNSPRNW ULIB Ver.6.0+V

เปลี่ยนเป็นภาษาไทย

Change to English
 แสดงรายละเอียดบรรณานุกรม
  กลับหน้าหลัก

Brief Record : Get Marc (ISO 2709) : E-mail record : QR code < ปิดหน้าต่าง
LEADER : 00000nam 2200000uu 4500
001    13399120760
003     ULIB
008    121015s2543||||th 000 0 tha d
020    ^a9789742224325
090    ^aนว.^bก427ผ
100 0  ^aกาญจนา
245 00 ^aผู้ใหญ่ลีกับนางมา/^cกาญจนา
250    ^aพิมพ์ครั้งแรก
260    ^aกรุงเทพฯ :^bบรรณกิจ,^c2543
300    ^a592หน้า
710 1  ^aบรรณกิจ
945    ^p200^l0^i021046
995    ^aวิภา
999 ^a ใช้งานได้ทุกระบบ
รายการนี้ยังไม่มีแท็ก
คุณยังไม่ได้ล็อกอิน คุณสามารถมีกิจกรรมร่วมกับเว็บไซต์ได้ แต่ต้องล็อกอินก่อน ::
  ล็อกอิน

รายการสื่อสารสนเทศ

ลำดับที่ ประเภท เลขเรียก/บาร์โค้ด สถานที่ สถานะ
1. วิทยาศาสตร์การแพทย์ และสุขภาพ
วิทยาศาสตร์การแพทย์ และสุขภาพ
นว. ก427ผ  
  Barcode: 021046
ห้องสมุดวิทยาเขตสวรรค์ประชารักษ์
►นวนิยาย
บนชั้น
  ขอยืม

รายการใกล้เคียง
    ผู้แต่ง [กาญจนา]

BibComment


ยังไม่เคยถูกคอมเมนท์

คอมเมนท์ทรัพยากรรายการนี้
  คอมเมนท์: ผู้ใหญ่ลีกับนางม..


 Copyright 2026. Bcnsprnw @Library